000 01079nam a2200289 a 4500
001 26592
003 BD-RjUL
005 20211209051035.0
008 140323r19541913enk b 000 0 eng c
035 _a(BD-RjUL)26662
040 _aEnoch Pratt Free Libr.
_cDLC
_dDLC
_dBD-RjUL
_beng
041 _aeng
051 _aF1213
_b.C145 Copy 3
_cFrom the library of Oliver Wendell Holmes.
051 _aF1213
_b.C145 Copy 4
_cFrom the library of Oliver Wendell Holmes.
082 0 0 _a917.2
_bBAL 1954
100 1 _a Barca, Calderón de la,
_q(Frances Erskine Inglis),
_d1804?-1882.
_981771
245 1 0 _aLife in Mexico /
_c Calderon de la Baraca.
260 _aLondon :
_bJ.M. Dent & Sons ;
_aNew York :
_bE.P. Dutton & Co.,
_c1913 [Reprinted 1954].
300 _axxxviii, 542 p. ;
_c17 cm.
490 0 _aEveryman's library. Travel and topography
504 _aBibliography: p. xxii and index.
651 0 _aMexico
_xDescription and travel.
_970269
651 0 _aMexico
_xSocial life and customs.
_981772
942 _2ddc
_cBK
999 _c26592
_d26592